| 000 | 00466nam a2200169Ia 4500 | ||
|---|---|---|---|
| 999 |
_c5864 _d5864 |
||
| 003 | OSt | ||
| 005 | 20200104110019.0 | ||
| 008 | 190216s9999||||xx |||||||||||||| ||und|| | ||
| 020 | _a8186803033 | ||
| 040 | _coclc | ||
| 082 |
_a332 _bMUN/M |
||
| 100 |
_a Munjal, Satish _91037 |
||
| 245 | 0 |
_aMoney And Banking / _cSatish Munjal |
|
| 260 |
_bNational Publications, _c1997. _aJaipur: |
||
| 300 | _a202p | ||
| 942 |
_cBK _2ddc _h332 _iMUN/M _k332 _mMUN/M |
||